| 000 -LEADER |
| fixed length control field |
01396cam a2200397Ia 4500 |
| 001 - CONTROL NUMBER |
| control field |
.b30179270 |
| 003 - CONTROL NUMBER IDENTIFIER |
| control field |
OCoLC |
| 005 - DATE AND TIME OF LATEST TRANSACTION |
| control field |
20190731091746.0 |
| 008 - FIXED-LENGTH DATA ELEMENTS--GENERAL INFORMATION |
| fixed length control field |
110302s2011 nyu 000 1 eng d |
| 010 ## - LIBRARY OF CONGRESS CONTROL NUMBER |
| LC control number |
2009015457 |
| 020 ## - INTERNATIONAL STANDARD BOOK NUMBER |
| International Standard Book Number |
054522215X (pbk.) |
| 020 ## - INTERNATIONAL STANDARD BOOK NUMBER |
| International Standard Book Number |
9780545222150 (pbk.) |
| 035 ## - SYSTEM CONTROL NUMBER |
| System control number |
(OCoLC)704767588 |
| 040 ## - CATALOGING SOURCE |
| Original cataloging agency |
NYP |
| Transcribing agency |
NYP |
| Modifying agency |
BTCTA |
| -- |
CDX |
| -- |
CEG |
| 042 ## - AUTHENTICATION CODE |
| Authentication code |
nbic |
| 043 ## - GEOGRAPHIC AREA CODE |
| Geographic area code |
e-uk-en |
| 049 ## - LOCAL HOLDINGS (OCLC) |
| Holding library |
CEGA |
| 082 0# - DEWEY DECIMAL CLASSIFICATION NUMBER |
| Classification number |
FIC REE |
| 100 1# - MAIN ENTRY--PERSONAL NAME |
| Personal name |
Reeve, Philip. |
| Relator term |
author |
| 245 10 - TITLE STATEMENT |
| Title |
Fever Crumb / |
| Statement of responsibility, etc. |
Philip Reeve. |
| 250 ## - EDITION STATEMENT |
| Edition statement |
1st pbk. printing. |
| 260 ## - PUBLICATION, DISTRIBUTION, ETC. |
| Place of publication, distribution, etc. |
New York : |
| Name of publisher, distributor, etc. |
Scholastic Inc., |
| Date of publication, distribution, etc. |
[2011], c2009. |
| 300 ## - PHYSICAL DESCRIPTION |
| Extent |
v, 325 p. ; |
| Dimensions |
21 cm. |
| 490 ## - SERIES STATEMENT |
| Series statement |
Fever crumb series ; |
| Volume/sequential designation |
1 |
| 500 ## - GENERAL NOTE |
| General note |
First paperback printing, January 2011. |
| 501 ## - WITH NOTE |
| With note |
prequel to mortal engines |
| 520 ## - SUMMARY, ETC. |
| Summary, etc. |
Foundling Fever Crumb has been raised as an engineer although females in the future London, England, are not believed capable of rational thought, but at age fourteen she leaves her sheltered world and begins to learn startling truths about her past while facing danger in the present. |
| 650 #0 - SUBJECT ADDED ENTRY--TOPICAL TERM |
| Topical term or geographic name entry element |
Science fiction. |
| 650 #0 - SUBJECT ADDED ENTRY--TOPICAL TERM |
| Topical term or geographic name entry element |
Identity (Philosophical concept) |
| Form subdivision |
Fiction. |
| 650 #0 - SUBJECT ADDED ENTRY--TOPICAL TERM |
| Topical term or geographic name entry element |
Sex role |
| Form subdivision |
Fiction. |
| 650 #0 - SUBJECT ADDED ENTRY--TOPICAL TERM |
| Topical term or geographic name entry element |
Technology |
| Form subdivision |
Fiction. |
| 650 #0 - SUBJECT ADDED ENTRY--TOPICAL TERM |
| Topical term or geographic name entry element |
Foundlings |
| Form subdivision |
Fiction. |
| 651 #0 - SUBJECT ADDED ENTRY--GEOGRAPHIC NAME |
| Geographic name |
London (England) |
| Form subdivision |
Fiction. |
| 651 #0 - SUBJECT ADDED ENTRY--GEOGRAPHIC NAME |
| Geographic name |
England |
| Form subdivision |
Fiction. |
| 942 ## - ADDED ENTRY ELEMENTS (KOHA) |
| Source of classification or shelving scheme |
|
| Koha item type |
Books - Fiction |